The Owl House: Characters by Picture - Statistics

General Stats
  • This quiz has been taken 171 times
  • The average score is 31 of 49
Answer Stats
Picture Answer % Correct
Luz Noceda
99%
King Clawthorne
98%
Eda Clawthorne
97%
Amity Blight
95%
Gus Porter
94%
Willow Park
94%
Hunter
92%
Lilith Clawthorne
90%
Emperor Belos
89%
Raine Whispers
88%
The Collector
87%
Camila Noceda
85%
Flapjack [*]
82%
Edric Blight
81%
Hooty
81%
Vee
81%
Kikimora
76%
Emira Blight
74%
Bat Queen
71%
Boscha
71%
Hieronymus Bump
71%
Matt Tholomule
71%
Azura
67%
Darius Deamonne
67%
Odalia Blight
67%
Owlbert
65%
Steve
65%
Alador Blight
63%
The Titan
63%
Caleb Wittebane
60%
Gwen Clawthorne
56%
Tinella Nosa
55%
Dell Clawthorne
50%
Eberwolf the Huntsman
50%
Stringbean
50%
Viney
50%
Terra Snapdragon
49%
Skara
45%
Masha
43%
Warden Wrath
41%
Tibblet-Tibblie Grimm Hammer III
36%
Barcus
30%
Faust
28%
Jerbo
26%
Katya
25%
Jacob Hopkins
24%
Morton
16%
Hermonculus
14%
Piniet
13%
No matching quizzes found
Score Distribution
Percent of People with Each Score
Percentile by Number Answered
Your Score History
You have not taken this quiz